5HLuxD.jpg

KING HENRY VIII SENIOR AND PRIMARY SCHOOL LIBRARY OPAC

Matilda's jokes for awesome kids / (Record no. 5308)

000 -LEADER
fixed length control field 01163pam a2200265 i 4500
001 - CONTROL NUMBER
control field 019494001
003 - CONTROL NUMBER IDENTIFIER
control field Uk
005 - DATE AND TIME OF LATEST TRANSACTION
control field 20250904110125.0
008 - FIXED-LENGTH DATA ELEMENTS--GENERAL INFORMATION
fixed length control field 190801s2019 enkab j 000 h eng d
020 ## - INTERNATIONAL STANDARD BOOK NUMBER
International Standard Book Number 9780241422137
040 ## - CATALOGING SOURCE
Original cataloging agency StDuBDS
Language of cataloging eng
Transcribing agency StDuBDS
Modifying agency Uk
-- KH8
Description conventions rda
042 ## - AUTHENTICATION CODE
Authentication code ukblcatcopy
082 ## - DEWEY DECIMAL CLASSIFICATION NUMBER
Classification number FIC DAH
100 ## - MAIN ENTRY--PERSONAL NAME
Personal name Dahl, Roald,
Relator term author.
245 00 - TITLE STATEMENT
Title Matilda's jokes for awesome kids /
Statement of responsibility, etc. Roald Dahl.
264 #1 - PRODUCTION, PUBLICATION, DISTRIBUTION, MANUFACTURE, AND COPYRIGHT NOTICE
Place of production, publication, distribution, manufacture London :
Name of producer, publisher, distributor, manufacturer Puffin,
Date of production, publication, distribution, manufacture, or copyright notice 2019.
300 ## - PHYSICAL DESCRIPTION
Extent 129 pages :
Other physical details illustrations (black and white), maps ;
Dimensions 20 cm
336 ## - CONTENT TYPE
Content type term text
Source rdacontent
336 ## - CONTENT TYPE
Content type term still image
Source rdacontent
337 ## - MEDIA TYPE
Media type term unmediated
Source rdamedia
338 ## - CARRIER TYPE
Carrier type term volume
Source rdacarrier
520 ## - SUMMARY, ETC.
Summary, etc. What do you get if you add 25 and 917, then subtract 765 and divide the answer by 33? A headache. (Unless you're Matilda!) Matilda's Jokes for Clever Kids would even make the Trunchbull laugh! Narrated by Matilda herself, this joke book is stuffed full of gigglesome gags, silly puns, brain-tickling riddles, and the Trunchbull's favourite insults- guaranteed to raise a chuckle from human beans young and old.
650 #0 - SUBJECT ADDED ENTRY--TOPICAL TERM
Topical term or geographic name entry element Wit and humor, Juvenile.
942 ## - ADDED ENTRY ELEMENTS (KOHA)
Source of classification or shelving scheme
Koha item type Easy Reading
Holdings
Withdrawn status Lost status Source of classification or shelving scheme Damaged status Not for loan Collection code Permanent Location Current Location Shelving location Date acquired Total Checkouts Full call number Barcode Date last seen Date last checked out Price effective from Koha item type
          Fiction KH8 Senior School Library KH8 Senior School Library Easy Reading 2025-09-04 1 FIC DAH 3KHSL000102365 2026-02-04 2026-01-21 2025-09-04 Easy Reading

Powered By KH8 IT Dept